عرض عادي
عرض مارك
- Nanostructures
مدخل مصطلح موضوعي
001 - رقم الضبط
- حقل الضبط: 19386
003 - معرف رقم الضبط
- حقل الضبط: OSt
005 - تاريخ ووقت أخر عملية
- حقل الضبط: 20121231135804.0
008 - عناصر بيانات ثابتة الطول
- حقل تحكم ثابت الطول: 121231|||a|||||| | ||| d
040 ## - مصدر الفهرسة
- هيئة الفهرسة الأصلية: OSt
- وكالة الكتابة: OSt
150 ## - مدخل-- مصطلح تاريخي
- عنصر مدخل المصطلح الموضوعي او الاسم الجغرافي: Nanostructures
- تفريع عام: therapeutic use.
670 ## - بيانات المصدر موجوده
- الاستشهاد بالمصدر: Work cat.: (OSt)0: Tibbals, Harry F. 19384, Medical nanotechnology and nanomedicine /, c2011.
